00677 2200241 4500001002100000005001700021008004100038035002400079040001200103082001100115090001800126100001800144245007200162250001100234260003100245300001900276440002100295504003000316650003500346700002700381850001200408990001500420YOGYA-0209000002032520090227023418.0 ind  0010-020900000020325 aYOPDYOG a100.72 a100.72bBak M aBAKKER, Anton aMetodologi penelitian filsafatcAnton Bakker, Achmad Charris Zubair aCet. 1 aYogyakartabKanisiusc1990 a125 hlmc21 cm aPustaka Filsafat aBibliografi : hlm 123-125 aPenelitian Filsafat-Metodologi aZubair, Akhmad Charris aYOPDYOG a37285-P/93